| 000 | 00333nam a2200133Ia 4500 | ||
|---|---|---|---|
| 005 | 20260328101528.0 | ||
| 008 | 260328s9999||||xx |||||||||||||| ||und|| | ||
| 100 | _aHattstein, Markus | ||
| 245 | 0 |
_aEl Islam : _b Arte y Arquitectura / _cMarkus Hattstein |
|
| 260 | _bKönemann | ||
| 300 | _a639 p. | ||
| 650 | _aEDAD MEDIA | ||
| 942 | _cBK | ||
| 999 |
_c9879 _d9879 |
||